Význam, funkcie a systém poradenských služieb v poľnohospodárstve Holandska.
Efektívny systém prenosu poznatkov základného výskumu cez poradenstvo ku farmárovi v Holandsku. Zmeny v štruktúre poradenských služieb. Priama a nepriama poradenská činnosť a postupná privatizácia poradenskej služby. Poradenstvo a poľnohospodársky výskum a vzdelávanie. Organizácia štátnej poradenske...
Uložené v:
| Hlavný autor: | |
|---|---|
| Médium: | Kapitola |
| Jazyk: | Slovak |
| Predmet: | |
| Tagy: |
Žiadne tagy, Buďte prvý, kto otaguje tento záznam!
|
MARC
| LEADER | 00000naa a2200000 4500 | ||
|---|---|---|---|
| 001 | r008778 | ||
| 005 | 20221125081655.4 | ||
| 041 | 0 | |a slo | |
| 044 | |a [CS] | ||
| 245 | 1 | 0 | |a Význam, funkcie a systém poradenských služieb v poľnohospodárstve Holandska. |c Mária Kadlečíková |
| 520 | |a Efektívny systém prenosu poznatkov základného výskumu cez poradenstvo ku farmárovi v Holandsku. Zmeny v štruktúre poradenských služieb. Priama a nepriama poradenská činnosť a postupná privatizácia poradenskej služby. Poradenstvo a poľnohospodársky výskum a vzdelávanie. Organizácia štátnej poradenskej služby v poľnohospodárstve Holandska a systém jej práce. Fungovanie poznatkového systému. | ||
| 610 | 2 | 0 | |a poľnohospodárstvo |
| 610 | 2 | 0 | |a Holandsko |
| 610 | 2 | 0 | |a poradenstvo |
| 610 | 2 | 0 | |a výskum základný |
| 610 | 2 | 0 | |a privatizácia |
| 100 | 1 | |a Kadlečíková, Mária | |